| 000 | 00794cab a22002055a 4500 | ||
|---|---|---|---|
| 001 | L154835 | ||
| 008 | 120123e20120120xxkd f s 000 0 eng d | ||
| 035 | _a(Sirsi) u154835 | ||
| 041 | 0 | _aeng | |
| 110 | 2 |
_aExperian Economics _95977 |
|
| 245 | 0 | 0 | _aBuilding intelligence |
| 260 | _c2012 | ||
| 490 | 0 |
_aBuilding _v277 (8711) 20 January 2012, 52-53(2) |
|
| 520 | _aOverview, new work output, R&M output, new work orders, 2012-2014 forecast, regional new work output, regional R&M output, and regional new work orders. Construction output grew in 2011 against all expectations which means that in 2012 public spending cuts will start to hurt. | ||
| 590 | _aKA | ||
| 651 | 4 |
_aGreat Britain _y1707- |
|
| 690 |
_aCost management _96233 |
||
| 690 |
_aConstruction management _96230 |
||
| 942 | _n0 | ||
| 999 |
_c83725 _d83725 |
||